[Event "Fagernes Norsk op-B"]
[Site "Fagernes"]
[Date "2015.03.29"]
[Round "4"]
[White "Bue, Gunnar"]
[Black "Tangelder, Yonne"]
[Result "0-1"]
[WhiteElo "1673"]
[BlackElo "1875"]
[PlyCount "34"]
[EventDate "2015.03.29"]
[EventType "swiss"]
[EventRounds "9"]
[EventCountry "NOR"]
[SourceTitle "EXT 2016"]
[Source "ChessBase"]
[SourceDate "2015.10.08"]
[SourceVersion "1"]
[SourceVersionDate "2015.10.08"]
[SourceQuality "1"]

1. d4 f5 2. Nf3 Nf6 3. c4 g6 4. Nc3 Bg7 5. e3 0-0 6. Be2 d6 7. 0-0 Qe8 8. b3 e5 9. dxe5 dxe5 10. Bb2 e4 11. Nd4 c6 12. b4 Nbd7 13. b5 c5 14. Nb3 b6 15. Nd5 Qf7 16. Nc7 Rb8 17. Qd6 Ne8 0-1

[Event "Fagernes Norsk op-B"]
[Site "Fagernes"]
[Date "2014.04.13"]
[Round "8"]
[White "Bue, Gunnar"]
[Black "Bakkejord, Odd Vidar"]
[Result "1-0"]
[WhiteElo "1693"]
[BlackElo "1225"]
[PlyCount "35"]
[EventDate "2014.04.13"]
[EventType "swiss"]
[EventRounds "9"]
[EventCountry "NOR"]
[SourceTitle "EXT 2016"]
[Source "ChessBase"]
[SourceDate "2015.10.08"]
[SourceVersion "1"]
[SourceVersionDate "2015.10.08"]
[SourceQuality "1"]

1. d4 Nf6 2. c4 g6 3. Nc3 Bg7 4. e4 d6 5. f3 0-0 6. Be3 Nbd7 7. Qd2 e5 8. d5 a6 9. 0-0-0 Ne8 10. a4 c6 11. h4 f6 12. Nge2 Qa5 13. Ng3 b5 14. dxc6 Nb6 15. h5 Nxc4 16. Qd5+ Rf7 17. Bxc4 bxc4 18. Qxa5 1-0

[Event "Fagernes Norsk op-B"]
[Site "Fagernes"]
[Date "2014.04.13"]
[Round "4"]
[White "Bue, Gunnar"]
[Black "Warstad, Leif Edvin"]
[Result "1/2-1/2"]
[WhiteElo "1693"]
[BlackElo "1560"]
[PlyCount "59"]
[EventDate "2014.04.13"]
[EventType "swiss"]
[EventRounds "9"]
[EventCountry "NOR"]
[SourceTitle "EXT 2016"]
[Source "ChessBase"]
[SourceDate "2015.10.08"]
[SourceVersion "1"]
[SourceVersionDate "2015.10.08"]
[SourceQuality "1"]

1. d4 Nf6 2. c4 e6 3. Nf3 b6 4. e3 Bb7 5. Bd3 Bb4+ 6. Bd2 Bxd2+ 7. Nbxd2 0-0 8. 0-0 d6 9. Qe2 Nbd7 10. Rac1 c5 11. e4 cxd4 12. Nxd4 Nc5 13. Bb1 d5 14. cxd5 exd5 15. Rfd1 Re8 16. e5 Nfe4 17. Nxe4 dxe4 18. b4 Nd3 19. Bxd3 exd3 20. Qxd3 Rxe5 21. Nf3 Qxd3 22. Rxd3 Rd5 23. Re3 Rd7 24. h3 h6 25. Ne5 Re7 26. Nc4 Rd7 27. Rce1 Rad8 28. a3 Kf8 29. Kh2 f6 30. Nb2 1/2-1/2

[Event "Fagernes Norsk op-B"]
[Site "Fagernes"]
[Date "2014.04.13"]
[Round "5"]
[White "Heier, Odin Nikolai"]
[Black "Bue, Gunnar"]
[Result "1-0"]
[WhiteElo "1488"]
[BlackElo "1693"]
[PlyCount "41"]
[EventDate "2014.04.13"]
[EventType "swiss"]
[EventRounds "9"]
[EventCountry "NOR"]
[SourceTitle "EXT 2016"]
[Source "ChessBase"]
[SourceDate "2015.10.08"]
[SourceVersion "1"]
[SourceVersionDate "2015.10.08"]
[SourceQuality "1"]

1. e4 c5 2. Nf3 e6 3. d4 cxd4 4. Nxd4 a6 5. Nc3 d6 6. Be3 Nf6 7. f3 Be7 8. Qd2 0-0 9. 0-0-0 b5 10. g4 Bb7 11. h4 Nc6 12. Nxc6 Bxc6 13. h5 b4 14. Ne2 a5 15. Nd4 Bb7 16. Kb1 Rc8 17. g5 Nd7 18. g6 Ne5 19. h6 Nxg6 20. hxg7 Re8 21. Qh2 1-0

[Event "Fagernes Norsk op-B"]
[Site "Fagernes"]
[Date "2014.04.13"]
[Round "3"]
[White "Taksrud, Vidar"]
[Black "Bue, Gunnar"]
[Result "1-0"]
[WhiteElo "2052"]
[BlackElo "1693"]
[PlyCount "43"]
[EventDate "2014.04.13"]
[EventType "swiss"]
[EventRounds "9"]
[EventCountry "NOR"]
[SourceTitle "EXT 2016"]
[Source "ChessBase"]
[SourceDate "2015.10.08"]
[SourceVersion "1"]
[SourceVersionDate "2015.10.08"]
[SourceQuality "1"]

1. e4 d6 2. d4 Nf6 3. Nc3 g6 4. f3 Bg7 5. Be3 c6 6. Qd2 0-0 7. Bc4 b5 8. Bd3 a5 9. Nge2 Nbd7 10. Nd1 Nb6 11. 0-0 Nc4 12. Bxc4 bxc4 13. c3 Nh5 14. g4 Nf6 15. Ng3 Rb8 16. Bh6 e5 17. Bxg7 Kxg7 18. Ne3 Ba6 19. Rf2 exd4 20. Qxd4 Qb6 21. Nef5+ gxf5 22. Nh5+ 1-0

[Event "Narvik Rallarsjakken A"]
[Site "Narvik"]
[Date "2014.04.04"]
[Round "1"]
[White "Bue, Gunnar"]
[Black "Eriksson, Roland"]
[Result "0-1"]
[WhiteElo "1693"]
[BlackElo "2076"]
[PlyCount "62"]
[EventDate "2014.04.04"]
[EventType "swiss"]
[EventRounds "5"]
[EventCountry "NOR"]
[SourceTitle "EXT 2024"]
[Source "ChessBase"]
[SourceDate "2023.10.10"]
[SourceVersion "1"]
[SourceVersionDate "2023.10.10"]
[SourceQuality "1"]

1. d4 Nf6 2. c4 e6 3. Nf3 b6 4. e3 Bb7 5. Bd3 Bb4+ 6. Nbd2 0-0 7. a3 Bxd2+ 8. Bxd2 Ne4 9. 0-0 d6 10. Qe2 Nd7 11. Rac1 f5 12. d5 Nxd2 13. Qxd2 e5 14. e4 f4 15. b4 g5 16. h3 Qf6 17. Nh2 Qg6 18. f3 h5 19. Qe2 a5 20. Ra1 Ra7 21. Ra2 Rfa8 22. Rfa1 Nf6 23. c5 Bc8 24. cxd6 cxd6 25. Qf2 g4 26. hxg4 hxg4 27. Qxb6 g3 28. Nf1 Rh7 29. Qd8+ Ne8 30. Bb5 Bb7 31. Qb6 Qh6 0-1

[Event "Oslo Vederhus Memorial op B"]
[Site "Oslo"]
[Date "2013.09.29"]
[Round "5"]
[White "Bue, Gunnar"]
[Black "Bryn, Askild"]
[Result "0-1"]
[WhiteElo "1728"]
[BlackElo "2064"]
[PlyCount "70"]
[EventDate "2013.09.29"]
[EventType "swiss"]
[EventRounds "9"]
[EventCountry "NOR"]
[SourceTitle "EXT 2024"]
[Source "ChessBase"]
[SourceDate "2023.10.10"]
[SourceVersion "1"]
[SourceVersionDate "2023.10.10"]
[SourceQuality "1"]

1. d4 g6 2. c4 Bg7 3. Nc3 d6 4. e4 Nd7 5. f3 e5 6. d5 Ne7 7. Bd3 0-0 8. Be3 f5 9. Qd2 f4 10. Bf2 Nf6 11. Nge2 c5 12. 0-0-0 Bd7 13. Kb1 a6 14. g4 Qa5 15. h4 Rfb8 16. Nc1 b5 17. Nb3 Qd8 18. h5 g5 19. h6 Bf8 20. Rh2 Nc8 21. Ne2 bxc4 22. Bxc4 Nb6 23. Rc1 Nxc4 24. Rxc4 a5 25. Rc2 Ba4 26. Nec1 Rb4 27. Nd3 Rb7 28. Ndc1 Qb6 29. Be1 Qa6 30. Qe2 Bb5 31. Qd2 a4 32. Na1 Nd7 33. a3 Nb6 34. Qd1 Nc4 35. Rxc4 Bxc4 0-1

[Event "Oslo Vederhus Memorial op B"]
[Site "Oslo"]
[Date "2013.09.29"]
[Round "6"]
[White "Bue, Gunnar"]
[Black "Morkedal, Oyvind"]
[Result "0-1"]
[WhiteElo "1728"]
[BlackElo "1649"]
[PlyCount "50"]
[EventDate "2013.09.29"]
[EventType "swiss"]
[EventRounds "9"]
[EventCountry "NOR"]
[SourceTitle "EXT 2024"]
[Source "ChessBase"]
[SourceDate "2023.10.10"]
[SourceVersion "1"]
[SourceVersionDate "2023.10.10"]
[SourceQuality "1"]

1. d4 d5 2. c4 c6 3. e3 Nf6 4. Nf3 Bf5 5. Bd3 Bxd3 6. Qxd3 e6 7. 0-0 Nbd7 8. Nc3 Bb4 9. a3 Bxc3 10. Qxc3 0-0 11. b4 Ne4 12. Qb3 Nb6 13. c5 Nc4 14. Rd1 Qf6 15. Ra2 h5 16. Re2 g5 17. Nd2 Nexd2 18. Bxd2 g4 19. Be1 h4 20. Rb2 h3 21. Qd3 hxg2 22. Kxg2 Qf3+ 23. Kg1 Kg7 24. Qe2 Rh8 25. Qxf3 gxf3 0-1

[Event "Sortland Blabyen Grand Prix"]
[Site "Sortland"]
[Date "2013.09.20"]
[Round "4"]
[White "Bue, Gunnar"]
[Black "Asvang, Jon Fredrik"]
[Result "0-1"]
[WhiteElo "1654"]
[BlackElo "2004"]
[PlyCount "36"]
[EventDate "2013.09.20"]
[EventType "swiss"]
[EventRounds "5"]
[EventCountry "NOR"]
[SourceTitle "EXT 2024"]
[Source "ChessBase"]
[SourceDate "2023.10.10"]
[SourceVersion "1"]
[SourceVersionDate "2023.10.10"]
[SourceQuality "1"]

1. d4 Nf6 2. c4 c5 3. e3 e6 4. Nf3 d5 5. Nc3 Nc6 6. a3 b6 7. Bd3 Be7 8. 0-0 0-0 9. b3 Ba6 10. Bb2 Rc8 11. Ne5 cxd4 12. Nxc6 Rxc6 13. Nb5 dxe3 14. fxe3 dxc4 15. bxc4 Bxb5 16. Bxf6 Bxf6 17. cxb5 Rd6 18. Rxf6 Rxd3 0-1

[Event "Politiken Cup 35th"]
[Site "Helsingor"]
[Date "2013.07.30"]
[Round "5"]
[White "Bue, Gunnar"]
[Black "Bjornes, Leif"]
[Result "1/2-1/2"]
[WhiteElo "1654"]
[BlackElo "1918"]
[PlyCount "23"]
[EventDate "2013.07.27"]
[EventType "swiss"]
[EventRounds "10"]
[EventCountry "DEN"]
[SourceTitle "CBM 155 Extra"]
[Source "ChessBase"]
[SourceDate "2013.08.26"]
[SourceVersion "1"]
[SourceVersionDate "2013.08.26"]
[SourceQuality "1"]

1. d4 d5 2. c4 c6 3. e3 Nf6 4. Nf3 Bf5 5. Bd3 Bxd3 6. Qxd3 e6 7. 0-0 Nbd7 8. Nc3 Be7 9. b3 0-0 10. Bb2 Rc8 11. Rac1 Qa5 12. a3 1/2-1/2

[Event "Politiken Cup 35th"]
[Site "Helsingor"]
[Date "2013.07.29"]
[Round "4"]
[White "Sajjadi, Kimiya"]
[Black "Bue, Gunnar"]
[Result "0-1"]
[WhiteElo "1485"]
[BlackElo "1654"]
[PlyCount "74"]
[EventDate "2013.07.27"]
[EventType "swiss"]
[EventRounds "10"]
[EventCountry "DEN"]
[SourceTitle "CBM 155 Extra"]
[Source "ChessBase"]
[SourceDate "2013.08.26"]
[SourceVersion "1"]
[SourceVersionDate "2013.08.26"]
[SourceQuality "1"]

1. e4 c5 2. c3 e6 3. d4 cxd4 4. cxd4 a6 5. Nf3 Nc6 6. a3 b5 7. Bd3 Bb7 8. 0-0 Nf6 9. Nc3 Be7 10. Ne2 d6 11. Ng3 0-0 12. Re1 Rc8 13. Bf4 Nxd4 14. Nxd4 e5 15. Nde2 exf4 16. Nxf4 g6 17. Qb3 Nd7 18. Bb1 Nc5 19. Qe3 Bg5 20. Ba2 Qb6 21. Nge2 Nxe4 22. Bd5 Bxd5 23. Nxd5 Qc5 24. f4 Qxd5 25. fxg5 Nxg5 26. Nf4 Qc5 27. Nd3 Qxe3+ 28. Rxe3 Rc2 29. Nb4 Rxb2 30. Nxa6 Ne6 31. Rd3 Rd8 32. Rd5 Ra8 33. Rxd6 Rc8 34. Nb4 Rc3 35. Nd5 Rcc2 36. Ne3 Re2 37. Nd1 Re1# 0-1

[Event "NOR-ch Seniors-A"]
[Site "Lillehammer"]
[Date "2013.06.29"]
[Round "8"]
[White "Jenkins, Tom Ivar"]
[Black "Bue, Gunnar"]
[Result "0-1"]
[WhiteElo "1766"]
[BlackElo "1479"]
[PlyCount "42"]
[EventDate "2013.06.29"]
[EventType "swiss"]
[EventRounds "9"]
[EventCountry "NOR"]
[SourceTitle "EXT 2017"]
[Source "ChessBase"]
[SourceDate "2016.10.25"]
[SourceVersion "1"]
[SourceVersionDate "2016.10.25"]
[SourceQuality "1"]

1. d4 Nf6 2. c4 g6 3. Nc3 Bg7 4. e4 d6 5. f3 0-0 6. Bd3 Nc6 7. Nge2 Nb4 8. Bb1 c5 9. d5 a5 10. a3 Na6 11. 0-0 Nc7 12. Be3 Bd7 13. Bd3 e6 14. dxe6 Bxe6 15. Qd2 Nd7 16. Nd5 Ne5 17. Nec3 Bxd5 18. exd5 Nxd3 19. Qxd3 a4 20. Qd2 Re8 21. Rab1 Rxe3 0-1

[Event "Oslo Sveins op 6th"]
[Site "Oslo"]
[Date "2013.06.23"]
[Round "4"]
[White "Bue, Gunnar"]
[Black "Olsen, Ulrik"]
[Result "0-1"]
[WhiteElo "1683"]
[BlackElo "1733"]
[PlyCount "54"]
[EventDate "2013.06.21"]
[EventType "swiss"]
[EventRounds "9"]
[EventCountry "NOR"]
[SourceTitle "CBM 155 Extra"]
[Source "ChessBase"]
[SourceDate "2013.08.26"]
[SourceVersion "1"]
[SourceVersionDate "2013.08.26"]
[SourceQuality "1"]

1. d4 Nf6 2. c4 g6 3. Nc3 d5 4. Nf3 Bg7 5. cxd5 Nxd5 6. Bd2 0-0 7. Rc1 Nc6 8. e3 Bf5 9. Nxd5 Qxd5 10. Bc4 Qd6 11. 0-0 e5 12. Ng5 exd4 13. e4 Be6 14. Nxe6 fxe6 15. f4 Kh8 16. Qb3 e5 17. Bd5 Rab8 18. fxe5 Rxf1+ 19. Rxf1 Nxe5 20. Bf4 c6 21. Bxe5 Bxe5 22. Bc4 b5 23. Be2 Bxh2+ 24. Kh1 Be5 25. a4 bxa4 26. Qxa4 d3 27. Bd1 Qd8 0-1

[Event "Oslo Sveins op 6th"]
[Site "Oslo"]
[Date "2013.06.22"]
[Round "2"]
[White "Langmyhr, Tore"]
[Black "Bue, Gunnar"]
[Result "1-0"]
[WhiteElo "1930"]
[BlackElo "1683"]
[PlyCount "39"]
[EventDate "2013.06.21"]
[EventType "swiss"]
[EventRounds "9"]
[EventCountry "NOR"]
[SourceTitle "CBM 155 Extra"]
[Source "ChessBase"]
[SourceDate "2013.08.26"]
[SourceVersion "1"]
[SourceVersionDate "2013.08.26"]
[SourceQuality "1"]

1. d4 Nf6 2. c4 g6 3. Nc3 Bg7 4. e4 d6 5. Be2 0-0 6. f4 c5 7. d5 e6 8. Nf3 exd5 9. cxd5 Re8 10. e5 dxe5 11. fxe5 Ng4 12. e6 fxe6 13. d6 Nd7 14. 0-0 a6 15. Bg5 Qb6 16. Na4 Qa7 17. Qd2 c4+ 18. Kh1 Nf2+ 19. Rxf2 Qxf2 20. Be3 1-0

[Event "Oslo Sveins op 6th"]
[Site "Oslo"]
[Date "2013.06.21"]
[Round "9"]
[White "Machlik, Endre"]
[Black "Bue, Gunnar"]
[Result "1-0"]
[WhiteElo "1650"]
[BlackElo "1683"]
[PlyCount "69"]
[EventDate "2013.06.21"]
[EventType "swiss"]
[EventRounds "9"]
[EventCountry "NOR"]
[SourceTitle "CBM 155 Extra"]
[Source "ChessBase"]
[SourceDate "2013.08.26"]
[SourceVersion "1"]
[SourceVersionDate "2013.08.26"]
[SourceQuality "1"]

1. d4 Nf6 2. c4 g6 3. Nc3 Bg7 4. e4 d6 5. f4 0-0 6. Nf3 c5 7. d5 Re8 8. Be2 e6 9. e5 dxe5 10. fxe5 Ng4 11. Bg5 f6 12. exf6 Nxf6 13. 0-0 h6 14. Bh4 g5 15. Bg3 exd5 16. cxd5 Ng4 17. Qd3 Ne3 18. Rfc1 c4 19. Qd2 Ng4 20. Bxc4 Ne3 21. Nb5 Nxc4 22. Rxc4 Na6 23. Nc7 Nxc7 24. Rxc7 Bg4 25. Rf1 Rc8 26. Rxb7 Re7 27. Rxe7 Qxe7 28. d6 Qd7 29. Re1 Qb5 30. Re7 Rd8 31. Ne5 Qc5+ 32. Bf2 Qxd6 33. Re8+ Bf8 34. Rxd8 Qxe5 35. Qd5+ 1-0

[Event "Alta CC 40 years"]
[Site "Alta"]
[Date "2013.03.16"]
[Round "4"]
[White "Bue, Gunnar"]
[Black "Machlik, Edit"]
[Result "0-1"]
[WhiteElo "1686"]
[BlackElo "1760"]
[PlyCount "140"]
[EventDate "2013.03.15"]
[EventType "swiss"]
[EventCountry "NOR"]
[SourceTitle "EXT 2024"]
[Source "ChessBase"]
[SourceDate "2023.10.10"]
[SourceVersion "1"]
[SourceVersionDate "2023.10.10"]
[SourceQuality "1"]

1. d4 d5 2. c4 dxc4 3. Nf3 Nf6 4. e3 Bg4 5. h3 Bh5 6. Bxc4 e6 7. 0-0 Nbd7 8. Nc3 Bd6 9. Nb5 Be7 10. Be2 c6 11. Nc3 0-0 12. Bd2 Bd6 13. e4 Bxf3 14. Bxf3 e5 15. d5 cxd5 16. exd5 a6 17. Bg5 Qb6 18. b3 Rac8 19. Na4 Qa5 20. Bd2 Qd8 21. Bg5 b5 22. Nb2 Qb6 23. Be3 Qb7 24. Bg4 Nxg4 25. hxg4 Nf6 26. g5 Nxd5 27. Qf3 Qa8 28. Rfd1 Nxe3 29. Rxd6 Qxf3 30. gxf3 Nc2 31. Rad1 Nd4 32. Kg2 Rc2 33. Nd3 Nf5 34. Ne1 Rxa2 35. R1d2 Rxd2 36. Rxd2 Nd4 37. Rd3 Rc8 38. Re3 f6 39. gxf6 gxf6 40. f4 exf4 41. Rd3 Nf5 42. Rd5 Ne7 43. Rd6 Rc6 44. Rd4 Ng6 45. b4 Kf7 46. Rd2 Ke6 47. Nd3 Kf5 48. Nc5 Ne5 49. Ra2 Kg4 50. Ra3 f5 51. f3+ Kg5 52. Ra2 Nc4 53. Kh1 a5 54. Rg2+ Kf6 55. Rh2 Kg6 56. Rg2+ Kf7 57. Rh2 h6 58. Nd3 axb4 59. Nxb4 Rd6 60. Re2 Rd1+ 61. Kg2 Ne3+ 62. Kh2 Rf1 63. Nd3 Kf6 64. Nxf4 Nc4 65. Kg2 Rd1 66. Re6+ Kg7 67. Re7+ Kg8 68. Re6 Rd2+ 69. Ne2 Kf7 70. Rxh6 Rxe2+ 0-1

[Event "Oslo Elo op"]
[Site "Oslo"]
[Date "2012.09.30"]
[Round "5"]
[White "Ali, Karim"]
[Black "Bue, Gunnar"]
[Result "1/2-1/2"]
[WhiteElo "1890"]
[BlackElo "1686"]
[PlyCount "36"]
[EventDate "2012.09.30"]
[EventType "swiss"]
[EventRounds "9"]
[EventCountry "NOR"]
[SourceTitle "EXT 2013"]
[Source "ChessBase"]
[SourceDate "2012.11.22"]
[SourceVersion "1"]
[SourceVersionDate "2012.11.22"]
[SourceQuality "1"]

1. e4 d6 2. d4 Nf6 3. Nd2 g6 4. c4 Bg7 5. Ne2 0-0 6. Nc3 Nc6 7. d5 Ne5 8. f4 Ned7 9. Be2 c6 10. Nf3 Nc5 11. Qc2 cxd5 12. cxd5 a6 13. Rb1 Nfxe4 14. Nxe4 Nxe4 15. Be3 Nc5 16. Rc1 Bf5 17. Qd2 Rc8 18. 0-0 Qd7 1/2-1/2

[Event "Oslo Elo op"]
[Site "Oslo"]
[Date "2012.09.30"]
[Round "3"]
[White "Sem Johansen, Asmund"]
[Black "Bue, Gunnar"]
[Result "1-0"]
[WhiteElo "1856"]
[BlackElo "1686"]
[PlyCount "79"]
[EventDate "2012.09.30"]
[EventType "swiss"]
[EventRounds "9"]
[EventCountry "NOR"]
[SourceTitle "EXT 2013"]
[Source "ChessBase"]
[SourceDate "2012.11.22"]
[SourceVersion "1"]
[SourceVersionDate "2012.11.22"]
[SourceQuality "1"]

1. e4 d6 2. d4 Nf6 3. Bd3 g6 4. f4 Bg7 5. Nf3 0-0 6. 0-0 Nc6 7. c3 e5 8. fxe5 dxe5 9. d5 Nxd5 10. exd5 Qxd5 11. Qe2 Bg4 12. h3 Bxf3 13. Rxf3 Rad8 14. Bc4 Qd1+ 15. Rf1 Qd6 16. Be3 Na5 17. Nd2 Nxc4 18. Qxc4 Qd3 19. Qxd3 Rxd3 20. Rfe1 Rfd8 21. Nb3 b6 22. Nc1 R3d7 23. Kf1 f5 24. Bg5 Re8 25. Nb3 h6 26. Bh4 g5 27. Bf2 Red8 28. Ke2 Kf7 29. Rad1 Ke6 30. Rxd7 Rxd7 31. Rd1 Rxd1 32. Kxd1 f4 33. Ke2 Kf5 34. a4 h5 35. a5 g4 36. hxg4+ hxg4 37. a6 e4 38. Bd4 Bf8 39. Bg1 Bg7 40. Na5 1-0